书目信息 |
| 题名: |
中国近代社会辞典
|
|
| 作者: | 乔志强 主编 | |
| 分册: | ||
| 出版信息: | 太原 山西高校联合出版社 1994.10 |
|
| 页数: | 59,676页 | |
| 开本: | 19cm | |
| 丛书名: | ||
| 单 册: | ||
| 中图分类: | K25-61 | |
| 科图分类: | ||
| 主题词: | 中国--历史--1840-1949 | |
| 电子资源: | ||
| ISBN: | 7-81032-326-1 | |
| 000 | 00686nam0 2200229 45 | |
| 001 | 0197101683 | |
| 005 | 20061114165520.75 | |
| 010 | @a7-81032-326-1@dCNY28.00 | |
| 100 | @a19960823d1994 y0chiy0121 ea | |
| 101 | 0 | @achi |
| 102 | @aCN@b140000 | |
| 105 | @ay e 001yy | |
| 200 | 10 | @a中国近代社会辞典@AZHONG GUO JIN DAI SHE HUI CI DIAN@f乔志强主编@FQIAO ZHI QIANG ZHU BIAN |
| 210 | @a太原@c山西高校联合出版社@d1994.10 | |
| 215 | @a59,676页@d19cm | |
| 314 | @a乔志强,山西大学社会史研究中心任职 | |
| 540 | 1 | @a近代@AJIN DAI |
| 606 | 0 | @a中国@x历史@z1840-1949 |
| 690 | @aK25-61 | |
| 701 | 0 | @a乔志强@AQIAO ZHI QIANG@4主编 |
| 801 | 0 | @aCN@bTSSF@c20061114 |
| 905 | @a10447@dK25-61@e151 | |
| 中国近代社会辞典/乔志强主编.-太原:山西高校联合出版社,1994.10 |
| 59,676页;19cm |
| ISBN 7-81032-326-1:CNY28.00 |
| ● |
| 相关链接 |
|
|
|
|
正题名:中国近代社会辞典
索取号:K25-61/151
 
预约/预借
| 序号 | 登录号 | 条形码 | 馆藏地/架位号 | 状态 | 备注 |
| 1 | 0274483 | 202083583 | 第二样本阅览室/ [索取号:K25-61/151] | 在馆 |